Retos y oportunidades de la biotecnología agroalimentaria.

Ľudstvo za posledných 10000 rokov pestovalo rastliny, ktoré dnes majú až 100x väčšiu úrodnosť. Biotechnológia hlavne od Pasteura (1865) urobila obrovský pokrok. Najnovšie výdobytky vedy a jej príspevok s odhadom svetového obchodu rôznych biotechnologických prípravkov a výrobkov, organizácie výskumu...

Descripción completa

Guardado en:
Detalles Bibliográficos
Autor principal: Paredes López, O.
Formato: Capítulo de libro
Lenguaje:español
Materias:
Etiquetas: Agregar Etiqueta
Sin Etiquetas, Sea el primero en etiquetar este registro!

MARC

LEADER 00000naa a2200000 4500
001 r003683
005 20220818104538.8
041 0 |a spa 
044 |a MX 
245 1 0 |a Retos y oportunidades de la biotecnología agroalimentaria.  |c O. Paredes López 
520 |a Ľudstvo za posledných 10000 rokov pestovalo rastliny, ktoré dnes majú až 100x väčšiu úrodnosť. Biotechnológia hlavne od Pasteura (1865) urobila obrovský pokrok. Najnovšie výdobytky vedy a jej príspevok s odhadom svetového obchodu rôznych biotechnologických prípravkov a výrobkov, organizácie výskumu a poskytnutých príspevkov. 
610 2 0 |a biotechnológia 
610 2 0 |a výživa 
610 2 0 |a výskum 
610 2 0 |a obchod svetový 
610 2 0 |a poľnohospodárstvo 
100 1 |a Paredes López, O.